Roopathinte pusthakam rakshayudeyum/ (Record no. 181775)

000 -LEADER
fixed length control field 00397nam a22001577a 4500
020 ## - INTERNATIONAL STANDARD BOOK NUMBER
ISBN 9789349855847
082 ## - DEWEY DECIMAL CLASSIFICATION NUMBER
Classification number M3
Item number JIS/R
100 ## - MAIN ENTRY--AUTHOR NAME
Personal name Jisa Jose
245 ## - TITLE STATEMENT
Title Roopathinte pusthakam rakshayudeyum/
Statement of responsibility, etc by Jisa Jose
260 ## - PUBLICATION, DISTRIBUTION, ETC. (IMPRINT)
Place of publication Kozhikode:
Name of publisher Mathrubhumi books,
Year of publication 2026.
300 ## - PHYSICAL DESCRIPTION
Number of Pages 415p.
650 ## - SUBJECT ADDED ENTRY--TOPICAL TERM
Topical Term Novel Malayalam
650 ## - SUBJECT ADDED ENTRY--TOPICAL TERM
Topical Term Literature Malayalam
650 ## - SUBJECT ADDED ENTRY--TOPICAL TERM
Topical Term Literature
942 ## - ADDED ENTRY ELEMENTS (KOHA)
Koha item type Book
Holdings
Withdrawn status Lost status Damaged status Not for loan Permanent Location Current Location Shelving location Date acquired Cost, normal purchase price Full call number Accession Number Price effective from Koha item type
        Sree Sankaracharya University of Sanskrit Sree Sankaracharya University of Sanskrit Stacks 23.05.2026 460.00 M3 JIS/R 108945 23.05.2026 Book